| 000 | 00705cab a22002175a 4500 | ||
|---|---|---|---|
| 001 | L153387 | ||
| 008 | 110719e20110716xxk 000 0 eng d | ||
| 035 | _a(Sirsi) u153387 | ||
| 041 | 0 | _aeng | |
| 100 | 1 | _aGattegno, Julie | |
| 245 | 0 | 0 | _aWrong target |
| 260 | _c2011 | ||
| 490 |
_aEstates Gazette _v(1128) 16 July 2011, 64-66(3) |
||
| 520 | _aAssesses implications for property owners if the right to protest in quasi-public places which has been tabled as an amendment to Protection of Freedoms Bill became law. | ||
| 590 | _aKA | ||
| 650 | 2 | 4 | _aPROTECTION OF FREEDOMS BILL 2010-11 |
| 650 | 2 | 4 | _aOCCUPIER'S LIABILITY ACT 1957 |
| 651 | 4 | _aENGLAND AND WALES | |
| 690 | _aPROPERTY | ||
| 942 | _n0 | ||
| 999 |
_c83276 _d83276 |
||